Guía turística ilustrada (Record no. 76650)

MARC details
000 -LEADER
campo de control de longitud fija 00659nam a2200181 i 4500
001 - NÚMERO DE CONTROL
campo de control 76650
003 - IDENTIFICADOR DE NÚMERO DE CONTROL
campo de control ES-MaACL
005 - FECHA Y HORA DE LA ÚLTIMA TRANSACCIÓN
campo de control 20230906172918.0
007 - CAMPO FIJO DE DESCRIPCIÓN FÍSICA--INFORMACIÓN GENERAL
campo de control de longitud fija t|
008 - DATOS DE LONGITUD FIJA--INFORMACIÓN GENERAL
campo de control de longitud fija 041004q1949 sp ||||1| spa d
245 00 - MENCIÓN DEL TÍTULO
Título Guía turística ilustrada
Resto del título : Madrid, Avila, Toledo, Segovia, Guadalajara /
Mención de responsabilidad, etc. [texto, dibujos y planos originales de Enrique Palasí y Alfonso Salaya].
260 ## - PUBLICACIÓN, DISTRIBUCIÓN, ETC.
Lugar de publicación, distribución, etc. [S.l. :
Nombre del editor, distribuidor, etc. s.n.,
Fecha de publicación, distribución, etc. 1949?] (
Lugar de fabricación/manufactura Madrid :
Fabricante Gráfs. Sebastián)
300 ## - DESCRIPCIÓN FÍSICA
Extensión 397 p., 31 lám. ;
Dimensiones 16 cm.
500 ## - NOTA GENERAL
Nota general Portada y textos también en francés.
700 1# - ENTRADA AGREGADA--NOMBRE PERSONAL
Nombre de persona Salaya, Alfonso.
9 (RLIN) 101795
700 1# - ENTRADA AGREGADA--NOMBRE PERSONAL
Nombre de persona Palasí, Enrique.
9 (RLIN) 88479
852 ## - LOCALIZACIÓN
Ubicación ES-MaACL
Número de control de estantería D-7500
Sublocalización o colección R.29707
Holdings
Estatus retirado Estado de pérdida Estado de daño No para préstamo Biblioteca de origen Biblioteca actual Ubicación en estantería Fecha de adquisición Fuente de adquisición Total de préstamos Signatura topográfica completa Código de barras Visto por última vez Precio de reemplazo Tipo de ítem Koha
        Biblioteca del Ateneo de Madrid Biblioteca del Ateneo de Madrid Sala Valle Inclán 17/01/2008     D-7500 901080206 23/02/2023 23/02/2023 Libro impreso